Info ou intox? (Choix multiples) #2 - Statistiques

Statistiques générales
  • Ce quiz a été pris 39 fois
  • Le résultat moyen est 10 sur 15
Statistiques - réponses
Question Réponse % Correct
Info ou intox? (sélectionnez l'intox) L'Océan Atlantique est plus grand que l'Océan Pacifique.
89%
Info ou intox? (sélectionnez l'intox) La France utilise les Dollars.
86%
Info ou intox? (sélectionnez l'intox) Les pommes de terre pousse dans un arbre.
86%
Info ou intox? (sélectionnez l'intox) On dit "les portugaliens"
86%
Info ou intox? (sélectionnez l'intox) Il y a 26 lettres dans l'Arabe.
80%
Info ou intox? (sélectionnez l'intox) La lune n'est pas un satellite de la terre.
74%
Info ou intox? (sélectionnez l'intox) La Russie est bannie de la Fifa depuis 2026
74%
Info ou intox? (sélectionnez l'intox) SpaceX est la première à lancer un fusée vers la lune
71%
Info ou intox? (sélectionnez l'intox) La Russie est plus grande que l'Afrique.
66%
Info ou intox? (sélectionnez l'intox) L'Europe contient 46 pays.
63%
Info ou intox? (sélectionnez l'intox) Nous ne respirons aucun des deux.
60%
Info ou intox? (sélectionnez l'intox) L'homme a déjà réussie à détruire un astéroïde.
49%
Info ou intox? (sélectionnez l'intox) L'école commence à partir de 5 ans. (En France)
40%
Info ou intox? (sélectionnez l'intox) La chine est un pays développé.
31%
Info ou intox? (sélectionnez l'info) Plus du 50% du pétrole en Europe proviens de l'Afrique.
20%
Aucun quiz correspondant
Distribution des résultats
% des personnes avec chaque résultat
Percentile par nombre de réponses
Votre historique - résultats
Vous n’avez pas pris ce quiz